| 000 | 00613nam a22002297a 4500 | ||
|---|---|---|---|
| 003 | UA-OsUOA | ||
| 001 | 21884 | ||
| 007 | ta | ||
| 008 | 20031215b un ||||| |||| 00| 0 ukr d | ||
| 100 | _aМалаков Дмитро | ||
| 090 |
_a74 _bМ18 |
||
| 942 | _cSA | ||
| 040 |
_aUA-OsUOA _bukr _cUA-OsUOA _dUA-OsUOA |
||
| 245 | _aТвори Кричевських у мезеї культурної спадщини | ||
| 300 | _aС.66-70 | ||
| 955 | _a0 | ||
| 041 | _aukr | ||
| 080 | _a74 | ||
| 044 | _aUA | ||
| 773 | 0 |
_w0 _tПам'ятки України _dК. _d2003 _g№3 |
|
| 650 | 7 |
_aМистецтво _2UDC |
|
| 999 |
_c308094 _d308094 |
||